Periodismo de investigación: técnicas y estrategias
Gespeichert in:
| 1. Verfasser: | |
|---|---|
| Format: | Buch |
| Sprache: | Spanisch |
| Veröffentlicht: |
Barcelona
Paidos
1994
|
| Schlagworte: | |
| Tags: |
Tag hinzufügen
Keine Tags, Fügen Sie den ersten Tag hinzu!
|
MARC
| LEADER | 00000nam a2200000 a 4500 | ||
|---|---|---|---|
| 001 | UCZ1898 | ||
| 003 | CL-VaPUC | ||
| 008 | 950914e19940000SP |||||||||||||||||spa|d | ||
| 082 | 0 | 4 | |a 070.44 |b ROD |2 21 |
| 100 | 0 | |a Rodríguez, Pepe |e author |9 345597 | |
| 245 | 1 | 0 | |a Periodismo de investigación: técnicas y estrategias |
| 300 | |a 259 p | ||
| 942 | |c BK | ||
| 945 | |d 19950914 00:00:00 |a awong | ||
| 260 | |a Barcelona |b Paidos |c 1994 | ||
| 650 | 7 | |a INVESTIGACION EN LA COMUNICACION |2 CL-VaPUC |9 345598 | |
| 650 | 0 | |a Periodismo |9 310113 | |
| 650 | 0 | |a Comunicación |9 257251 | |
| 583 | |a last modification |c 19950914 00:00:00 |k Rodrigo Vera | ||
| 999 | |c 238575 |d 238573 | ||
| 952 | |0 0 |1 0 |4 0 |6 070_440000000000000_ROD_1994 |7 0 |8 A |9 248852 |a BIBCUR |b BIBCUR |d 2019-11-18 |i 3132420 |o 070.44 ROD 1994 |p 3132420 |r 2025-04-22 |w 2019-11-18 |y BK |k PER | ||